La formación de directivos y mandos intermedios, un espacio para experimentar con la controversia (notice n° 2045464)
[ vue normale ]
| 000 -LEADER | |
|---|---|
| fixed length control field | 01062cam a2200169 4500500 |
| 005 - DATE AND TIME OF LATEST TRANSACTION | |
| control field | 20260405001233.0 |
| 041 ## - LANGUAGE CODE | |
| Language code of text/sound track or separate title | fre |
| 042 ## - AUTHENTICATION CODE | |
| Authentication code | dc |
| 100 10 - MAIN ENTRY--PERSONAL NAME | |
| Personal name | Lojou-Julien, Chantal |
| Relator term | author |
| 245 00 - TITLE STATEMENT | |
| Title | La formación de directivos y mandos intermedios, un espacio para experimentar con la controversia |
| 260 ## - PUBLICATION, DISTRIBUTION, ETC. | |
| Date of publication, distribution, etc. | 2025.<br/> |
| 500 ## - GENERAL NOTE | |
| General note | 16 |
| 520 ## - SUMMARY, ETC. | |
| Summary, etc. | Como responsables de la formación de directivos, las dos autoras analizan la desaparición de las reuniones de síntesis en los centros medicosociales, en relación con el peso de las normas y los nuevos modos de organización. Demuestran la absoluta necesidad de crear espacios para la controversia y la conflictualización, con el fin de alcanzar consensos. Se da prioridad al tiempo dedicado a la formación para que los directivos perciban su pertinencia en el desempeño de sus responsabilidades. |
| 700 10 - ADDED ENTRY--PERSONAL NAME | |
| Personal name | Balas, Judith |
| Relator term | author |
| 786 0# - DATA SOURCE ENTRY | |
| Note | Empan | 140 | 4 | 2025-11-25 | p. 103-111 | 1152-3336 |
| 856 41 - ELECTRONIC LOCATION AND ACCESS | |
| Uniform Resource Identifier | <a href="https://shs.cairn.info/revista-empan-2025-4-page-103?lang=es&redirect-ssocas=7080">https://shs.cairn.info/revista-empan-2025-4-page-103?lang=es&redirect-ssocas=7080</a> |
Pas d'exemplaire disponible.




Réseaux sociaux